Hmlisté svetlo na konci potrubia

Plynová kríza najviac postihla veľkoodberateľov - výrobné podniky v hutníctve, papierenskom priemysle a strojárstve. Stopercentná závislosť na Rusku? Do popredia vystupuje otázka divezifikácie zdrojov energií. Svetové zásoby plynu. Hľadanie aj iných dodávateľov plynu, aby sme neboli 100 perc. závisl...

Ausführliche Beschreibung

Gespeichert in:
Bibliographische Detailangaben
1. Verfasser: Hübel, Jozef
Format: Buchkapitel
Sprache:Slowakisch
Schlagworte:
Tags: Tag hinzufügen
Keine Tags, Fügen Sie das erste Tag hinzu!

MARC

LEADER 00000naa$a2200000$$$4500
001 0091555
005 20231011121601.3
041 0 |a slo 
044 |a SK 
245 1 0 |a Hmlisté svetlo na konci potrubia  |c Jozef Hübel 
520 |a Plynová kríza najviac postihla veľkoodberateľov - výrobné podniky v hutníctve, papierenskom priemysle a strojárstve. Stopercentná závislosť na Rusku? Do popredia vystupuje otázka divezifikácie zdrojov energií. Svetové zásoby plynu. Hľadanie aj iných dodávateľov plynu, aby sme neboli 100 perc. závislí na Rusku. Plynovod Nabucco. Alternatívne zdroje energie. 
610 2 0 |a kríza energetická 
610 2 0 |a plyn 
610 2 0 |a plyn zemný 
610 2 0 |a plynovody 
610 2 0 |a zdroje energie 
610 2 0 |a diverzifikácia 
610 2 0 |a Rusko 
100 1 |a Hübel, Jozef